|
|
|
|
| LEADER |
01087nam a2200253 a 4500 |
| 001 |
18819 |
| 003 |
BD-DhAAL |
| 008 |
090415r20012000ii a b 001 0 eng d |
| 020 |
|
|
|a 8178290758
|
| 040 |
|
|
|a CUI
|c CUI
|d UtOrBLW
|d BD-DhAAL
|
| 082 |
0 |
0 |
|a 331.430954922
|2 21
|
| 100 |
1 |
|
|a Kabeer, Naila
|
| 245 |
1 |
2 |
|a Bangladeshi women workers and labour market decisions :
|b the power to choose /
|c Naila Kabeer.
|
| 260 |
|
|
|a New Delhi :
|b Vistaar Pub.,
|c c2000 [reprinted 2001].
|
| 300 |
|
|
|a xvi, 464 pages :
|b illustrations ;
|c 21 cm.
|
| 504 |
|
|
|a Includes bibliographical references (pages [433]-450) and index.
|
| 541 |
1 |
|
|e 18819
|
| 650 |
|
0 |
|a Women
|x Employment
|z Bangladesh
|z Dhaka.
|9 54612
|
| 650 |
|
0 |
|a Women
|x Employment
|z England
|z London.
|9 54613
|
| 650 |
|
0 |
|a Bangladeshis
|x Employment
|z England
|z London.
|9 54614
|
| 852 |
4 |
|
|a Ayesha Abed Library
|c General Stacks
|
| 942 |
|
|
|2 ddc
|c BK
|
| 999 |
|
|
|c 2460
|d 2460
|
| 952 |
|
|
|0 0
|1 0
|2 ddc
|4 0
|6 331_400000000000000_3_0954922_KAB
|7 0
|9 2276
|a BIGD
|b BIGD
|c GEN
|d 2009-07-15
|e BDI
|l 0
|o 331.430954922 KAB
|p 3050018819
|r 2009-07-16
|t 1
|w 2009-07-16
|y BK
|x Transferred from BDI to BIGD.
|